Computer Graphics / Principles and Practice: Second Edition in C (Record no. 5102)
[ view plain ]
| 000 -LEADER | |
|---|---|
| fixed length control field | 01429cam a22002414a 4500 |
| 005 - ΗΜΕΡΟΜΗΝΙΑ ΚΑΙ ΩΡΑ ΤΕΛΕΥΤΑΙΑΣ ΕΝΗΜΕΡΩΣΗΣ | |
| Πεδίο ελέγχου | 20250605164204.0 |
| 008 - FIXED-LENGTH DATA ELEMENTS--GENERAL INFORMATION | |
| Πεδίο ελέγχου σταθερού μήκους | 250528s ||||||||||||||||||||||||d |
| 035 ## - SYSTEM CONTROL NUMBER | |
| System control number | 19856 |
| 020 ## - ISBN | |
| ISBN | 201848406 |
| 040 ## - ΠΗΓΗ ΚΑΤΑΛΟΓΟΓΡΑΦΗΣΗΣ | |
| Φορέας πρωτότυπης καταλογογράφησης | MC Athens Campus Library |
| Γλώσσα καταλογογράφησης | Ελληνικά, Μοντέρνα (1453-) |
| Modifying agency | MC Athens Campus Library |
| Κανόνες περιγραφικής καταλογογράφησης | AACR2 |
| 245 1# - ΤΙΤΛΟΣ ΚΑΙ ΔΗΛΩΣΗ ΥΠΕΥΘΥΝΟΤΗΤΑΣ | |
| Τίτλος | Computer Graphics / Principles and Practice: Second Edition in C |
| 250 ## - EDITION STATEMENT | |
| Edition statement | 2nd |
| 260 ## - PUBLICATION, DISTRIBUTION, ETC. | |
| Name of publisher, distributor, etc. | American Psychiatric Association, |
| Date of publication, distribution, etc. | 1996 |
| 300 ## - PHYSICAL DESCRIPTION | |
| Extent | 1178 |
| 520 ## - SUMMARY, ETC. | |
| Summary, etc. | In this book the authors explore multiple perspectives on computer graphics: the user's, the application programmer's, the package implementor's, and the hardware designer's. Introduction, Programming in the Simple Raster Graphics Package (SRGP), Basic Raster Graphics Algorithms for Drawing 2D Primitives, Graphics Hardware, Geometrical Transformations, Viewing in 3D, Object Hierarchy and Simple Phigs (SPHIGS), Input Devices and Interaction Techniques and Interaction Tasks, Dialogue Design, User Interface Software, Solid Modeling, Achromatic and Colored Light, The Quest for Visual Realism, Illumination and Shading, Image Manipulation and Storage, Advanced Raster Graphics Architecture, Advanced Modelling Techniques, Animation, Mathematics for Computer Graphics, Bibliography, Index. |
| 700 1# - ΠΡΟΣΘΕΤΗ ΑΝΑΓΡΑΦΗ--ΦΥΣΙΚΟ ΠΡΟΣΩΠΟ | |
| Personal name | Dam Andries Van |
| 9 (RLIN) | 2963 |
| 700 1# - ΠΡΟΣΘΕΤΗ ΑΝΑΓΡΑΦΗ--ΦΥΣΙΚΟ ΠΡΟΣΩΠΟ | |
| Personal name | Feiner Steven K |
| 9 (RLIN) | 6019 |
| 700 1# - ΠΡΟΣΘΕΤΗ ΑΝΑΓΡΑΦΗ--ΦΥΣΙΚΟ ΠΡΟΣΩΠΟ | |
| Personal name | Foley James D |
| 9 (RLIN) | 2964 |
| 700 1# - ΠΡΟΣΘΕΤΗ ΑΝΑΓΡΑΦΗ--ΦΥΣΙΚΟ ΠΡΟΣΩΠΟ | |
| Personal name | Hughes John |
| 9 (RLIN) | 1559 |
| 942 ## - ADDED ENTRY ELEMENTS (KOHA) | |
| Koha item type | Books |
| Τύπος τεκμηρίου | Βιβλιοθήκη | Τρέχουσα τοποθεσία | Barcode | Αριθμός εισαγωγής | Ημερομηνία απόκτησης | Ταξιθετικό σύμβολο | Αριθμός αντιτύπου | Κατάσταση απόσυρσης | Κατάσταση χαμένου | Κατάσταση κατεστραμμένου | Μη δανεισμός | Σύνολο δανεισμών | Ημερομηνία τελευταίας εμφάνισης | Η τιμή ισχύει από |
|---|---|---|---|---|---|---|---|---|---|---|---|---|---|---|
| Books | MC Athens Campus Library | MC Athens Campus Library | 9780000051011 | 5972 | 05/06/2025 | 006.6/6 FOL | 1 | 05/06/2025 | 05/06/2025 |